01254nab a22002417a 4500999001500000003000400015005001700019008004100036040000700077100002900084245015600113260007200269300001300341500005000354505024700404505008900651650002600740650003000766650003600796700002900832773013800861942001300999 c6010d6010OSt20260116165826.0190605e xxu||||| |||| 00| 0 spa d cPJ 95129aSfeir, Santiago L.13aLas consecuencias del art. 97 de la ley 27.742. Algunas consideraciones en voz alta en torno a su aplicación /cSantiago L. Sfeir, Facundo M. Alvez.  aCiudad Autónoma de Buenos Aires :bThomson Reuters La Ley,c2025. ap. 64-69 aCita Online: Cita: TR LALEY AR/DOC/863/2025. aSumario: I. Introducción.— II. Las modificaciones introducidas por el art. 97 de la Ley Bases y sus consecuencias.— III. La redundancia y los efectos de la figura de los colaboradores independientes.— IV. Algunas reflexiones finales.  t¿Te interesa el texto completo? Solicitalo al correo: koha@justierradelfuego.gov.ar 091316aDERECHO LABORAL 091323aCONTRATO DE TRABAJO 0aRELACIÓN DE DEPENDENCIA94428 96781aAlvez, Facundo M. 0 0271193168dCiudad Autónoma de Buenos Aires : Thomson Reuters La Ley, 1999-2002.tRevista de derecho del trabajo. Nº 3 - Mayo 2025 2udccANA